Welcome to the Holygrace Academy Library

Please use search bar below to get started

MY BOOK OF CURSIVE WRITING (Record no. 2278)

MARC details
000 -LEADER
fixed length control field 00297nam a22001337a 4500
020 ## - INTERNATIONAL STANDARD BOOK NUMBER
ISBN 81-8388-367-2
082 ## - DEWEY DECIMAL CLASSIFICATION NUMBER
Classification number 494
Item number SPI/C
100 ## - MAIN ENTRY--AUTHOR NAME
Personal name SPIDER BOOKS
245 ## - TITLE STATEMENT
Title MY BOOK OF CURSIVE WRITING
260 ## - PUBLICATION, DISTRIBUTION, ETC. (IMPRINT)
Place of publication CHENNAI
Name of publisher SPIDER BOOKS
300 ## - PHYSICAL DESCRIPTION
Number of Pages 16
650 ## - SUBJECT ADDED ENTRY--TOPICAL TERM
Topical Term ENGLISH WRITING
Geographic subdivision INDIA
942 ## - ADDED ENTRY ELEMENTS (KOHA)
Koha item type Books
Holdings
Withdrawn status Lost status Collection code Home library Current library Shelving location Date acquired Source of acquisition Cost, normal purchase price Full call number Accession Number Koha item type
    Reference Main Library Main Library SHELF 1- I -, ENCYCLOPEDIA 03/08/2016 purchase 45.00 494 SPI/C 07938 Books